01518nam a22002775i 450000100060000000300090000600500170001500800390003202000180007108000430008911100870013224503270021925000120054626001250055830000210068349000680070460000750077270000530084770000270090070000410092771000350096883000760100385200220107999900170110195201220111810733ES-MaACL20250909230633.0940308s1993 sp ||||0| spa a84-7658-414-8 a860 Jardiel Poncela, Enrique 1.06(063)2 aCongreso de Literatura Española Contemporánea (n6º. d1992. cMálaga)932810aJardiel Poncela b: teatro, vanguardia y humor : actas del VI Congreso de Literatura Española Contemporánea : Universidad de Málaga, 10, 11, 12 y 13 de noviembre de 1992 / cedición dirigida por Cristóbal Cuevas García y coordinada por Enrique Baena : organización del congreso, Antonio Garrido ... [et al.]. a1ª ed. aBarcelona : bAnthropos ; aMálaga : bServicio de Publicaciones e Intercambio Científico de la Universidad, c1993. a302 p ; c20 cm.1 aAutores, textos y temas. Literatura y teoría literaria ; v1914aJardiel Poncela, Enrique, d1901-1952- vCongresos y asambleas91724050 aCuevas García, Cristóbal, d1933-20139421071 aBaena, Enrique.9245831 aGarrido Domínguez, Antonio.9556962 aUniversidad de Málaga.972191 aAutores, textos y temas. Literatura y teoría literaria ; v199228135 aES-MaACLjL-18086 c10733d10733 00104070aATENEOMbATENEOMcDEPO2d2008-01-17eSCl0oL-18086p1010948r2023-02-23 00:00:00w2023-02-23yMONOGRAFIA